[Event "Arab-ch U16"]
[White "Pola, Azad Saber"]
[Black "Mohammed Al Sadik, Firas Qassim"]
[Site "Baghdad"]
[Round "4"]
[Result "1/2-1/2"]
[Date "2022.03.12"]
[WhiteElo "1759"]
[BlackElo "1886"]
[PlyCount "38"]
[EventDate "2022.03.10"]
[EventType "swiss"]
[EventRounds "9"]
[EventCountry "IRQ"]
[SourceTitle "EXT 2023"]
[Source "ChessBase"]
[SourceDate "2022.10.05"]
[SourceVersion "1"]
[SourceVersionDate "2022.10.05"]
[SourceQuality "1"]

1. e4 e5 2. Nf3 Nf6 3. Nxe5 d6 4. Nf3 Nxe4 5. Nc3 Nxc3 6. dxc3 Be7 7. Bd3 Nc6 8. Bf4 Be6 9. Qd2 Qd7 10. 0-0-0 a6 11. c4 0-0-0 12. Qc3 Bf6 13. Qa3 Bf5 14. c5 Bxd3 15. Rxd3 Qf5 16. Be3 dxc5 17. Rxd8+ Rxd8 18. Qxc5 Qe6 19. Qa3 Qd5 1/2-1/2